Riconosci la Squadra dai Calciatori - Statistics

Statistiche generali
  • Questo quiz è stato fatto 119 volte
  • Il punteggio medio è 14 su 15
Statistiche sulle risposte
Giacotori Squadra % Corretto
Alessandro Del Piero; Gianluigi Buffon; Omar Sívori Juventus
100%
Paolo Maldini; Marco van Basten; Andriy Shevchenko Milan
100%
Javier Zanetti; Giacinto Facchetti; Lautaro Martínez Inter
99%
Lionel Messi; Andrés Iniesta; Carles Puyol Barcellona
98%
Marquinhos; Marco Verratti; Thiago Silva Paris Saint-Germain
97%
Raul; Cristiano Ronaldo; Alfredo Di Stéfano Real Madrid
97%
Steven Gerrard; Ian Rush; Mohamed Salah Liverpool
94%
Thomas Müller; Oliver Kahn; Franz Beckenbauer Bayern Monaco
91%
Sergio Agüero; Yaya Touré; Erling Haaland Manchester City
89%
Ryan Giggs; Bobby Charlton; Paul Scholes Manchester United
87%
John Terry; Frank Lampard; Petr Čech Chelsea
85%
Roman Weidenfeller; Marco Reus; Pierre-Emerick Aubameyang Borussia Dortmund
84%
Johan Cruyff; Jari Litmanen; Dušan Tadić Ajax
83%
Thierry Henry; David Seaman; Dennis Bergkamp Arsenal
83%
Koke; Jan Oblak; Saúl Atlético Madrid
83%
Nessun quiz corrispondente trovato
Distribuzione punteggi
Percentuale di utenti per punteggio
Percentile per numero di risposta
I tuoi punteggi nel tempo
Non hai fatto questo quiz